25 countries with the lowest unemployment rate - Statistics

General Stats
  • This quiz has been taken 177 times
  • The average score is 14 of 25
Answer Stats
Rate Continent Country % Correct
0% Europe Monaco
86%
0% Middle East Qatar
86%
2% Asia Singapore
80%
2% Middle East United Arab Emirates
80%
3% Europe Andorra
73%
2% Middle East Kuwait
73%
3% Europe Norway
73%
3% Europe Liechtenstein
70%
3% Asia South Korea
70%
3% Europe Switzerland
68%
3% Asia Macao
66%
2% Asia Vietnam
59%
3% Asia Brunei
57%
1% Asia Thailand
55%
3% Asia Laos
53%
1% Caribbean Cuba
50%
3% Asia Malaysia
50%
2% Oceania Kiribati
47%
2% Oceania Vanuatu
46%
2% Oceania Papua new Guinea
39%
1% Europe Belarus
26%
1% Asia Uzbekistan
25%
2% Africa Seychelles
24%
2% Asia Tajikistan
24%
1% Asia Azerbaijan
22%
No matching quizzes found
Score Distribution
Percent of People with Each Score
Percentile by Number Answered
Your Score History
You have not taken this quiz